Mort subite - Les chansons de Charli xcx - Statistiques

Statistiques générales
  • Ce quiz a été pris 262 fois
  • Le résultat moyen est 10 sur 17
Answers on the Grid
Answers color-coded by a green-red scale on the quiz's grid according to % correct below.
Sexy bitch
party 4 u
GAY
Cadillac
Apple
1999
I Don't Care
Girl, so confusing
Talk talk
90
Break the Rules
Boom Clap
Twist
Good Ones
Rush
Sympathy is a knife
visions
Billie
Guess
Porsche
Von dutch
I Love It
Blame It on U
Pear
1498
360
Traitor
Shake It
 
Statistiques - réponses
Réponse % Correct
party 4 u
85%
Apple
83%
360
74%
Boom Clap
74%
Girl, so confusing
73%
Von dutch
72%
Guess
69%
Break the Rules
66%
I Love It
65%
Talk talk
63%
Sympathy is a knife
61%
1999
46%
Blame It on U
35%
Good Ones
34%
visions
24%
Porsche
21%
Shake It
18%
Aucun quiz correspondant
Distribution des résultats
% des personnes avec chaque résultat
Percentile par nombre de réponses
Votre historique - résultats
Vous n’avez pas pris ce quiz